000
00291nam a22001217a 4500
008
260324b ||||| |||| 00| 0 eng d
041
_a
Shqip
080
_a
2.1
100
_a
25
101
_a
Tregime
245
_a
Aventurat e Lizës në Botën e çudirave
_c
Lowis Carroll
942
_2
udc
_c
BK
999
_c
60932
_d
60932